Extractos de los protocolos del escribano Hernán Guerra, de San Cristóbal de La Laguna (Record no. 74968)

MARC details
000 -LEADER
campo de control de longitud fija 01139nam a2200277 i 4500
001 - NÚMERO DE CONTROL
campo de control 74968
003 - IDENTIFICADOR DE NÚMERO DE CONTROL
campo de control ES-MaACL
005 - FECHA Y HORA DE LA ÚLTIMA TRANSACCIÓN
campo de control 20250807061408.0
007 - CAMPO FIJO DE DESCRIPCIÓN FÍSICA--INFORMACIÓN GENERAL
campo de control de longitud fija t|
008 - DATOS DE LONGITUD FIJA--INFORMACIÓN GENERAL
campo de control de longitud fija 040921s1958 sp f ||||1| spa d
080 ## - NÚMERO DE LA CLASIFICACIÓN DECIMAL UNIVERSAL
Número de la Clasificación Decimal Universal 930.255(460.41)"1508/1510"
100 1# - ENTRADA PRINCIPAL--NOMBRE DE PERSONA
Nombre de persona González Yanes, Emma.
9 (RLIN) 59045
245 10 - MENCIÓN DEL TÍTULO
Título Extractos de los protocolos del escribano Hernán Guerra, de San Cristóbal de La Laguna
Resto del título : 1508-1510 /
Mención de responsabilidad, etc. Emma González Yanes y Manuela Marrero Rodríguez.
260 ## - PUBLICACIÓN, DISTRIBUCIÓN, ETC.
Lugar de publicación, distribución, etc. La Laguna de Tenerife :
Nombre del editor, distribuidor, etc. [Instituto de Estudios Canarios],
Fecha de publicación, distribución, etc. 1958.
300 ## - DESCRIPCIÓN FÍSICA
Extensión 453, [4] p. de lám. ;
Dimensiones 25 cm.
490 1# - MENCIÓN DE SERIE
Mención de serie Fontes rerum Canarium : colección de textos y documentos para la historia de Canarias ;
Designación de volumen o secuencia 7
500 ## - NOTA GENERAL
Nota general Con introducción e índice.
650 #4 - PUNTO DE ACCESO ADICIONAL DE MATERIA--TÉRMINO DE MATERIA
Término de materia o nombre geográfico como elemento de entrada Protocolos notariales-
Subdivisión cronológica Canarias.
9 (RLIN) 145256
651 #4 - PUNTO DE ACCESO ADICIONAL DE MATERIA--NOMBRE GEOGRÁFICO
Nombre geográfico Canarias-
Subdivisión general Historia-
Subdivisión cronológica S.XVI.
9 (RLIN) 7953
700 1# - ENTRADA AGREGADA--NOMBRE PERSONAL
Nombre de persona Marrero Rodríguez, Manuela.
9 (RLIN) 77075
710 2# - ENTRADA AGREGADA--NOMBRE DE ENTIDAD CORPORATIVA
Nombre de entidad corporativa o nombre de jurisdicción como elemento de entrada Instituto de Estudios Canarios.
9 (RLIN) 4891
830 00 - PUNTO DE ACCESO ADICIONAL DE SERIE-TÍTULO UNIFORME
Título uniforme Fontes rerum Canariarum
Designación de volumen o secuencia 7
9 (RLIN) 190299
852 ## - LOCALIZACIÓN
Ubicación ES-MaACL
Número de control de estantería C-32253
Sublocalización o colección R.44126
852 ## - LOCALIZACIÓN
Ubicación ES-MaACL
Número de control de estantería E-14348
Encuadernación Olim P-648
Holdings
Estatus retirado Estado de pérdida Estado de daño No para préstamo Biblioteca de origen Biblioteca actual Ubicación en estantería Fecha de adquisición Fuente de adquisición Total de préstamos Signatura topográfica completa Código de barras Visto por última vez Precio de reemplazo Tipo de ítem Koha
        Biblioteca del Ateneo de Madrid Biblioteca del Ateneo de Madrid Depósito 2 17/02/2011     E-14348 1185802 23/02/2023 23/02/2023 Libro impreso
        Biblioteca del Ateneo de Madrid Biblioteca del Ateneo de Madrid Depósito 2 17/01/2008     C-32253 1078471 23/02/2023 23/02/2023 Libro impreso